01309nam a2200241Ia 4500003000400000005001700004008004100021020001800062040000900080082002000089100002700109245005500136250001200191260003600203650001600239942004600255952014200301952015700443952015400600952015400754952014200908999001701050OSt20200806110600.0190216s9999||||xx |||||||||||||| ||und|| a9788126508273 coclc a510.2462bKRE/A aKreyszig, Erwin 93735 0aAdvanced Engineering Mathematics /cErwin Kreyszig a8th Ed. bWiley India,c2007.aNew Delhi: aMathematics cBK2ddch510.2462iKRE/Ak510.2462mKRE/A 00102ddc40708MATHEMATICSaMESbMEScMATd2019-02-20g550.00l0o510.2462 KRE/Ap34593r2019-02-20 00:00:00t1w2019-02-20yBKzGL22R2 00102ddc40708MATHEMATICSaMESbMEScMATd2019-02-20g550.00l1m1o510.2462 KRE/Ap34594r2019-12-20 00:00:00s2019-11-29t2w2019-02-20yBKzGL22R2 00102ddc40708MATHEMATICSaMESbMEScMATd2019-02-20g550.00l1o510.2462 KRE/Ap34595r2019-12-02 00:00:00s2019-12-02t3w2019-02-20yBKzGL22R2 00102ddc40708MATHEMATICSaMESbMEScMATd2019-02-20g550.00l1o510.2462 KRE/Ap34596r2019-12-03 00:00:00s2019-11-29t4w2019-02-20yBKzGL22R2 00102ddc40708MATHEMATICSaMESbMEScMATd2019-02-20g625.00l0o510.2462 KRE/Ap36257r2019-02-20 00:00:00t5w2019-02-20yBKzGL22R2 c32258d32258